Normal view
MARC view
Entry Personal Name
001 - CONTROL NUMBER
- control field: 5119
003 - CONTROL NUMBER IDENTIFIER
- control field: ARRUPE
005 - DATE AND TIME OF LATEST TRANSACTION
- control field: 20131204135156.0
008 - FIXED-LENGTH DATA ELEMENTS
- fixed length control field: 131204|| aca||aabn | a|a d
040 ## - CATALOGING SOURCE
- Original cataloging agency: ARRUPE
- Transcribing agency: ARRUPE
100 ## - HEADING--PERSONAL NAME
- Personal name: Gide, André,
- Dates associated with a name: 1869-1951.
670 ## - SOURCE DATA FOUND
- Source citation: Work cat.: (ARRUPE)0: Gide, André, 1869-1951. 5118, If it die-- /, 1950.